[Event "ch-EU"]
[Site "Cork IRL"]
[Date "2005.03.29"]
[Round "8"]
[White "Balogh,E"]
[Black "Eisenbeiser,A"]
[Result "0-1"]
[WhiteElo "2111"]
[BlackElo "2312"]

1.d4 f5 2.Nf3 Nf6 3.g3 g6 4.Bg2 Bg7 5.c4 O-O 6.O-O d6 7.Nc3 Qe8 8.d5 e5 9.dxe6 Qxe6
10.Nd5 Nxd5 11.Ng5 Qe7 12.Bxd5+ Kh8 13.Rb1 f4 14.gxf4 h6 15.Qd3 c6 16.Qxg6 Bf5
17.Nf7+ Rxf7 18.Qxf7 Qxf7 19.Bxf7 Bxb1 20.Rd1 Bf8 21.Bd2 Bxa2 22.Bc3+ Bg7
23.Bg6 Bxc3 24.bxc3 Na6 25.e4 Nc5 26.e5 Kg7 27.Bh5 Bxc4 28.f5 a5 29.e6 Kf6
30.Rd4 Rg8+ 31.Kh1 Bd5+ 32.f3 b5 33.h4 a4 34.Rd1 a3 35.Ra1 a2  0-1

[Event "2nd Magistral"]
[Site "Carilo ESP"]
[Date "2005.04.07"]
[Round "4"]
[White "Claverie,R"]
[Black "Dolezal,C"]
[Result "1-0"]
[WhiteElo "2371"]
[BlackElo "2405"]

1.Nf3 g6 2.g3 Bg7 3.Bg2 f5 4.O-O Nf6 5.d4 O-O 6.c4 d6 7.Nc3 Nc6 8.d5 Ne5
9.Nxe5 dxe5 10.e4 f4 11.gxf4 Nh5 12.fxe5 Bxe5 13.Ne2 Qd6 14.f4 Nxf4 15.Nxf4 Bxf4
16.Bxf4 Rxf4 17.Rxf4 Qxf4 18.Qd4 Bg4 19.Rf1 Qg5 20.Qc3 e5 21.c5 Rf8 22.Qg3 Rxf1+
23.Bxf1 Qh5 24.b4 Be2 25.Bh3 Kg7 26.a4 Bd1 27.a5 Ba4 28.Kf2 Bb5 29.Bg4 Qg5
30.Be2 Qf6+ 31.Bf3 b6 32.c6 Qd6 33.h4 bxa5 34.bxa5 Qf6 35.Qg5 a6 36.Kg3 h6
37.Qxf6+ Kxf6 38.d6 Bxc6 39.dxc7 Bb7 40.Bg4  1-0

[Event "2nd Magistral"]
[Site "Carilo ESP"]
[Date "2005.04.07"]
[Round "5"]
[White "Quiroga,F"]
[Black "Claverie,R"]
[Result "0-1"]
[WhiteElo "2335"]
[BlackElo "2371"]

1.d4 f5 2.c4 Nf6 3.Nf3 g6 4.g3 Bg7 5.Bg2 O-O 6.O-O d6 7.Nc3 Nc6 8.d5 Ne5
9.Nxe5 dxe5 10.b4 h6 11.Qb3 Kh8 12.Bb2 g5 13.Rad1 a6 14.Na4 Nd7 15.Rd2 Qe8
16.c5 Rb8 17.c6 bxc6 18.dxc6 Nb6 19.Nxb6 Rxb6 20.Rc1 Qg6 21.a4 Be6 22.Qa3 Rfb8
23.Bc3 e4 24.a5 Rb5 25.Rcd1 Kh7 26.Rd8 Bf6 27.e3 Rxd8 28.Rxd8 Rd5 29.Rxd5 Bxd5
30.Bf1 Bxc6 31.Bxa6 f4 32.b5 Bd5 33.Bc8 fxe3 34.fxe3 Qg7 35.Bf5+ Kh8 36.Bxf6 Qxf6
37.Bg4 Bc4 38.Qc1 Bxb5 39.Bh3 Qe5 40.Bc8 Qf6 41.Bh3 c6 42.Bg2 Bd3 43.h3 Kg7
44.Kh2 h5 45.Qc5 h4 46.gxh4 gxh4 47.a6 Bxa6 48.Bxe4 Bb5 49.Kh1 Kh6 50.Bg2 Kg6
51.Qb4 Qa1+ 52.Kh2 Qe5+ 53.Kh1 Qxe3 54.Qxh4 Kf5 55.Qg4+ Ke5 56.Qg7+ Kd6 57.Qf8 Kc5
58.Qb8 Kb4 59.Qh8 c5 60.Qb2+ Qb3 61.Qd2+ Qc3 62.Qg5 Qe1+ 63.Kh2 c4 64.h4 c3
65.Qf4+ Bc4 66.Qb8+ Ka3 67.Qa7+ Kb2 68.Qb8+ Bb3 69.Qh8 e5  0-1

[Event "ch-UKR u20"]
[Site "Lviv UKR"]
[Date "2005.04.19"]
[Round "1"]
[White "Truskavetsky,A"]
[Black "Derjabin,I"]
[Result "1/2-1/2"]
[WhiteElo "2374"]
[BlackElo "2391"]

1.d4 f5 2.g3 Nf6 3.Bg2 g6 4.Nf3 Bg7 5.O-O O-O 6.c4 d6 7.Nc3 Qe8 8.d5 c5 9.Re1 Na6
10.Ng5 Nc7 11.e4 h6 12.Ne6 Nxe6 13.dxe6 Bxe6 14.e5 dxe5 15.Rxe5 Bxc4 16.Rxc5 Rd8
17.Qe1 Ba6 18.Bf4 Nd7 19.Qe6+ Kh7 20.Rc7 Rf6 21.Qe1 e5 22.Bxb7 Bxb7 23.Rxb7 exf4
24.Qxe8 Rxe8 25.Rxd7 f3 26.Rd3 Rb6 27.Rxf3 Rxb2 28.Rd1 Rc8 29.Rd7 Kh8  1/2-1/2

[Event "TCh-HUN w"]
[Site "Budapest HUN"]
[Date "2005.04.23"]
[Round "5"]
[White "Harsanyi,K"]
[Black "Muzychuk,A"]
[Result "0-1"]
[WhiteElo "2053"]
[BlackElo "2363"]

1.d4 f5 2.g3 Nf6 3.Bg2 g6 4.Nf3 Bg7 5.O-O O-O 6.c4 d6 7.Nc3 e6 8.Qc2 Nc6
9.a3 Qe7 10.Rd1 a5 11.b3 e5 12.Bb2 e4 13.Ne1 g5 14.Nd5 Qf7 15.Nxf6+ Bxf6
16.d5 Ne5 17.c5 Bd7 18.Rac1 a4 19.b4 Bb5 20.Bf1 Qh5 21.Bxe5 Bxe5 22.Ng2 Rf6
23.Ne3 f4 24.Nc4 Bxc4 25.Qxc4 e3 26.f3 g4 27.fxg4 Qxg4 28.Bg2 Qg7 29.Rf1 Raf8
30.Qe4 fxg3 31.h3 Rf2 32.cxd6 cxd6 33.Rc4 Rxf1+ 34.Bxf1 Qf6 35.Qf3 Qxf3 36.exf3 Rxf3
37.Rc8+ Kg7 38.Rc7+ Kf6 39.Rxb7 Rf2 40.Rxh7 e2 41.Bxe2 Rxe2 42.Rh4 Rd2 43.Rg4 Bd4+
44.Kf1 Rf2+ 45.Kg1 Rf4+ 46.Kg2 Rxg4 47.hxg4 Bf2 48.b5 Kg5 49.Kf3 Kh4 50.g5 Kxg5
51.b6 Bxb6 52.Kxg3 Bc5  0-1

[Event "7th Rector Cup"]
[Site "Kharkiv UKR"]
[Date "2005.04.24"]
[Round "5"]
[White "Nalivajko,E"]
[Black "Zubov,A UKR"]
[Result "0-1"]
[WhiteElo "2270"]
[BlackElo "2490"]

1.d4 f5 2.Nf3 Nf6 3.c4 g6 4.g3 Bg7 5.Bg2 O-O 6.O-O d6 7.Nc3 Qe8 8.Qc2 e5
9.dxe5 dxe5 10.e4 Nc6 11.Be3 fxe4 12.Nxe4 Bf5 13.Nh4 Nxe4 14.Bxe4 Nd4 15.Bxd4 Bxe4
16.Qxe4 exd4 17.Qxb7 Qd7 18.b3 d3 19.Rad1 Rad8 20.Ng2 g5 21.Ne3 c6 22.Qxd7 Rxd7
23.Kg2 d2 24.g4 Be5 25.Nf5 h5 26.h3 h4 27.Kf3 Bf4 28.Ke2 Rxf5 29.gxf5 Kf7
30.Rb1 Rd4 31.f3 Kf6 32.Rb2 Rd8 33.Rd1 Re8+ 34.Kf1 Re3 35.Kf2 g4 36.hxg4 Rd3
37.Kg2 Ke5 38.b4 Bg5 39.b5 c5 40.a4 Kd4 41.b6 axb6 42.Rxb6 Kc3 43.f6 Rd7
44.f4 Bxf4 45.Kf3 Bg5 46.Re6 Kc2 47.Ke2 h3 48.Re7 Rd6 49.Re5 Bxf6 50.Re3 h2
51.Re8 Bc3 52.Re3 Rd4 53.g5 Rg4  0-1

[Event "Open A"]
[Site "Djakovo CRO"]
[Date "2005.05.03"]
[Round "4"]
[White "Jovanic,O"]
[Black "Kovacevic,B"]
[Result "1/2-1/2"]
[WhiteElo "2435"]
[BlackElo "2510"]

1.d4 f5 2.g3 g6 3.Bg2 Bg7 4.Nf3 Nf6 5.O-O O-O 6.c4 d6 7.Nc3 e6 8.Qc2 Nc6
9.d5 Nb4 10.Qb3 Na6 11.dxe6 Nc5 12.Qc2 c6 13.Rd1 Qe7 14.Ng5 Bxe6 15.Bf4 Rad8
16.b4 Nce4 17.Ncxe4 Nxe4 18.Nxe4 fxe4 19.Rac1 d5 20.cxd5 Bxd5 21.Be3 Rfe8
22.b5 Qe6 23.bxc6 Bxc6 24.h4 Bd5 25.Kh2 Qf7 26.Qa4 Bc6 27.Qa5 Rxd1 28.Rxd1 a6
29.Bh3 Bf6 30.Rd6 Kg7 31.Qd2 Be5 32.Rd8 Rxd8 33.Bh6+ Kg8 34.Qxd8+ Qe8 35.Be6+ Kh8
36.Qxe8+ Bxe8 37.f4 exf3 38.exf3 Bg7 39.Be3 Bc6 40.f4 Bc3 41.g4 Kg7 42.g5 h6
43.gxh6+ Kxh6 44.f5+ Kg7 45.fxg6  1/2-1/2

[Event "SME Open"]
[Site "Ostrava CZE"]
[Date "2005.05.03"]
[Round "4"]
[White "Nedela,J"]
[Black "Bures,M"]
[Result "1/2-1/2"]
[WhiteElo "2044"]
[BlackElo "2183"]

1.Nf3 g6 2.g3 f5 3.d4 Nf6 4.Bg2 Bg7 5.O-O O-O 6.c4 d6 7.Nc3 c6 8.Rb1 Qe8
9.d5 Na6 10.Nd4 Bd7 11.Re1 Nc5 12.f3 e5 13.dxe6 Nxe6 14.Nxe6 Qxe6 15.Qd3 d5
16.cxd5 cxd5 17.Bg5 Bc6 18.Nb5 Qe7 19.Kh1 Qc5 20.Nd4 Ne4 21.Be3 Bxd4 22.Qxd4 Qxd4
23.Bxd4 Nf6 24.Rbd1 Kf7 25.Rd2 Rfe8 26.Kg1 a6 27.Kf2 Rad8 28.Red1 Re6 29.Bxf6 Rxf6
30.f4 Rfd6 31.e4 fxe4 32.Bxe4 Ke6 33.Bf3 d4 34.Bxc6 bxc6 35.b4 a5 36.a3 axb4
37.axb4 Kf5 38.Kf3 h5 39.h3 Rd5 40.Rd3 Kf6 41.Ke4 Re8+ 42.Kf3 Red8 43.Ke4 Re8+
44.Kf3 Red8 45.Ke4  1/2-1/2

[Event "FSGM May"]
[Site "Budapest HUN"]
[Date "2005.05.07"]
[Round "1"]
[White "Ilincic,Z"]
[Black "Kun,G"]
[Result "1/2-1/2"]
[WhiteElo "2473"]
[BlackElo "2336"]

1.d4 f5 2.Nf3 Nf6 3.g3 g6 4.Bg2 Bg7 5.O-O O-O 6.c4 d6 7.Nc3 Nc6 8.d5 Na5
9.Qd3 e5 10.dxe6 Bxe6 11.b3 Kh8 12.Bb2 Nc6 13.Nd5 Qd7 14.Bxf6 Bxf6 15.Nxf6 Rxf6
16.Nd4 Raf8 17.Nxe6 Qxe6 18.e3 Qe5 19.f4 Qe7 20.Rfe1 Re8 21.a3 Re6 22.Kf2 Qf6
23.Rac1 h6 24.Qc3 Qxc3 25.Rxc3 Nd8 26.b4 R6e7 27.e4 fxe4 28.Rce3 Kg7 29.Bxe4 c6
30.Bxg6 Rxe3 31.Bxe8 Rxa3 32.h4 Rb3 33.g4 Rxb4 34.g5 Rxc4 35.Kf3 hxg5 36.hxg5 d5
37.f5 Re4 38.Rxe4 dxe4+ 39.Kxe4 a5 40.f6+ Kf8 41.Bh5 a4 42.g6 Ne6 43.Ke5 Ng7
44.Bd1 b5 45.fxg7+ Kxg7 46.Kd6 Kxg6  1/2-1/2

[Event "FSIM May"]
[Site "Budapest HUN"]
[Date "2005.05.07"]
[Round "1"]
[White "Galyas,M"]
[Black "Werner,Di"]
[Result "1/2-1/2"]
[WhiteElo "2444"]
[BlackElo "2334"]

1.d4 f5 2.g3 Nf6 3.Bg2 g6 4.Nf3 Bg7 5.O-O O-O 6.c4 d6 7.Nc3 Qe8 8.d5 a5 9.Qc2 Na6
10.a3 Nc5 11.b3 Nfe4 12.Bb2 Nxc3 13.Bxc3 Bxc3 14.Qxc3 e5 15.dxe6 Bxe6  1/2-1/2

[Event "FSGM May"]
[Site "Budapest HUN"]
[Date "2005.05.11"]
[Round "5"]
[White "Koneru,H"]
[Black "Kun,G"]
[Result "1-0"]
[WhiteElo "2508"]
[BlackElo "2336"]

1.d4 f5 2.Nf3 Nf6 3.g3 g6 4.Bg2 Bg7 5.O-O O-O 6.c4 d6 7.Nc3 Nc6 8.d5 Na5
9.Qd3 e5 10.dxe6 Bxe6 11.b3 Nc6 12.Rb1 a5 13.Bb2 Kh8 14.Ng5 Bg8 15.Nh3 h6
16.Qd2 Ne5 17.Bxb7 Ra7 18.Bg2 c6 19.Rbd1 Rd7 20.Kh1 d5 21.cxd5 Nxd5 22.Nxd5 Bxd5
23.Qc1 g5 24.Bxd5 Rxd5 25.f3 Rf7 26.Nf2 Rfd7 27.Rxd5 Rxd5 28.Qa1 Qe7 29.f4 Ng4
30.Bxg7+ Qxg7 31.Qxg7+ Kxg7 32.Nd3 Kf6 33.Rc1 Rd6 34.h3 Ne3 35.Kg1 Nd5 36.Kf2 gxf4
37.gxf4 Re6 38.Rc5 Ke7 39.Rxa5 Re4 40.Ra7+ Ke8 41.Ra6 Nxf4 42.Nxf4 Rxf4+
43.Kg3 Re4 44.Kf3 Kd7 45.Ra7+ Kd8 46.Ra4 Re6 47.Ra5 f4 48.Rh5 Kd7 49.Rh4 Re3+
50.Kf2 Rc3 51.Rxh6 f3 52.exf3 Rc2+ 53.Kg3 Rxa2 54.b4 Rb2 55.Rh4 Ke6 56.Re4+ Kf7
57.Rc4 Rb3 58.h4 Rb1 59.Kf4 Rh1 60.Ke5  1-0

[Event "VII Open"]
[Site "Salou ESP"]
[Date "2005.05.27"]
[Round "8"]
[White "Gonzalez Garcia,J"]
[Black "Nijboer,F"]
[Result "1/2-1/2"]
[WhiteElo "2469"]
[BlackElo "2553"]

1.d4 f5 2.g3 Nf6 3.Bg2 g6 4.c4 Bg7 5.Nf3 O-O 6.O-O d6 7.Nc3 Qe8 8.Nd5 Nxd5
9.cxd5 Nd7 10.Ng5 Nb6 11.a4 c6 12.dxc6 bxc6 13.d5 c5 14.Ra2 Rb8 15.b3 Bd7
16.e4 c4 17.bxc4 Nxa4 18.Bd2 Rc8 19.exf5 Rxf5 20.Ne6 Bxe6 21.Rxa4 Bd7 22.Rxa7 Bd4
23.Rb7 Rb8 24.Rxb8 Qxb8 25.Be3 Bxe3 26.fxe3 Rxf1+ 27.Bxf1 Bf5 28.Qd4 Qb1
29.Kf2 h5 30.Qc3 Qa2+ 31.Kg1 Qb1 32.Kf2 Qa2+ 33.Kg1 Qb1 34.Kf2  1/2-1/2

[Event "Open"]
[Site "Mielo POL"]
[Date "2005.06.15"]
[Round "6"]
[White "Mielczarski,M"]
[Black "Malaniuk,V"]
[Result "1/2-1/2"]
[WhiteElo "2276"]
[BlackElo "2480"]

1.d4 f5 2.Nf3 Nf6 3.c4 g6 4.g3 Bg7 5.Bg2 O-O 6.O-O d6 7.b3 e5 8.dxe5 dxe5
9.Ba3 Qxd1 10.Rxd1 Re8 11.Nc3 e4 12.Nd4 c6 13.e3 Nbd7 14.Bf1 Ne5 15.c5 Bf8
16.b4 b5 17.Bb2 a5 18.Nxc6 Nxc6 19.Nxb5 Kf7 20.Nc7 Be6 21.Bxf6 Kxf6 22.Bb5 Reb8
23.Bxc6 Ra7 24.Nxe6 Kxe6 25.b5 Bxc5 26.Kf1 Bb6 27.Rd5 Rd8 28.Rxd8 Bxd8 29.Ke2 Bb6
30.h3 Rf7 31.Rc1 Rc7 32.g4 Kf6 33.Rd1 Re7 34.Rd6+ Ke5 35.Rd5+ Ke6 36.Rd1 Kf6
37.Rg1 Rg7 38.Kd2 Rg8 39.Rc1 Rd8+ 40.Ke2 Ke5 41.Rc3 Rc8 42.f3 exf3+ 43.Kxf3 Rd8
44.Ke2 Rc8 45.Rc1 Kf6 46.gxf5 gxf5 47.Rf1 Ke6 48.Rg1 Kf6 49.Rf1 Ke6 50.Rf4 Rc7
51.e4 fxe4 52.Rxe4+ Kd6 53.Rh4 Re7+ 54.Be4 Kc5  1/2-1/2

[Event "DS"]
[Site "Brno CZE"]
[Date "2005.06.31"]
[Round "1"]
[White "Splosnov,S"]
[Black "Rada Equiza,M"]
[Result "1/2-1/2"]
[WhiteElo "2369"]
[BlackElo "2230"]

1.Nf3 f5 2.d4 Nf6 3.g3 g6 4.Bg2 Bg7 5.O-O O-O 6.c4 d6 7.Nc3 Nc6 8.d5 Ne5
9.Nxe5 dxe5 10.Bg5 h6 11.Bxf6 Bxf6 12.Qb3 h5 13.c5 Kg7 14.Rad1 a6 15.Rd2 h4
16.Rfd1 hxg3 17.hxg3 e4 18.f4 Qe8 19.d6 cxd6 20.cxd6 exd6 21.Nd5 Qb5 22.Qxb5 axb5
23.a3 Bd8 24.e3 Be6 25.Bf1 Ba5 26.Nb4 Bb3 27.Rc1 d5 28.Rc3 Bc4 29.b3 Bxf1
30.Kxf1 Rh8 31.Kg2 Bxb4 32.axb4 Ra1 33.Rc7+ Kf6 34.Rxd5 Ke6  1/2-1/2

[Event "2nd RUS Pupils Summer Girls"]
[Site "Satka RUS"]
[Date "2005.07.01"]
[Round "5"]
[White "Meleshko,Ann"]
[Black "Vazirova,K"]
[Result "1/2-1/2"]
[WhiteElo "2259"]
[BlackElo "2113"]

1.d4 f5 2.c4 Nf6 3.Nf3 g6 4.g3 Bg7 5.Bg2 O-O 6.O-O d6 7.Nc3 Nc6 8.d5 Na5
9.Nd2 c5 10.Re1 e5 11.e4 b6 12.b3 Rb8 13.Bb2 Rb7 14.Nf3 fxe4 15.Nd2 e3 16.Rxe3 Rbf7
17.Nce4 Ng4 18.Re2 Nh6 19.Re1 Nf5 20.Nf3 Nd4 21.Nfg5 Re7 22.Bc3 h6 23.Nf3 Bg4
24.Bxd4 exd4 25.h3 Bf5 26.Nfd2 Nb7 27.Rc1 Qe8 28.a3 h5 29.Ng5 Bh6 30.Ne6 Bxe6
31.dxe6 Nd8 32.Bd5 Nxe6 33.Qe2 Bxd2 34.Qxd2 Kh7 35.Qe2 Rf6 36.Qe4 Kh8 37.Rc2 d3
38.Rd2 Qc8 39.f3 Re8 40.Qxd3 Nd4 41.Rxe8+ Qxe8 42.Kf2 Qe5 43.h4 g5 44.hxg5 Qxg5
45.Qe3 Qxe3+ 46.Kxe3 Nxb3 47.Rh2 Rf5 48.g4 Re5+ 49.Kf4 Nd4 50.Rxh5+ Rxh5
51.gxh5 a6 52.Bb7 b5 53.Bxa6 b4 54.axb4 cxb4 55.Bb7 b3 56.Ke3 Ne6 57.Be4 Kg7
58.Kd2 Kh6 59.Bg6 Nd4 60.f4 b2 61.Kc3 Ne2+ 62.Kxb2 Nxf4 63.Kc3 Nxg6 64.hxg6 Kxg6
65.Kd4 Kf6 66.Kd5 Ke7  1/2-1/2

[Event "Australian Masters"]
[Site "Melbourne AUS"]
[Date "2005.07.02"]
[Round "4"]
[White "Sales,J"]
[Black "West,G"]
[Result "1/2-1/2"]
[WhiteElo "2340"]
[BlackElo "2350"]

1.Nf3 f5 2.d4 Nf6 3.g3 g6 4.Bg2 Bg7 5.O-O O-O 6.c4 d6 7.Nc3 c6 8.Rb1 Ne4
9.Qc2 e5 10.dxe5 Nxc3 11.bxc3 dxe5 12.Ba3 Rf7 13.Rfd1 Nd7 14.e4 Bf8 15.Nxe5 Bxa3
16.Nxf7 Kxf7 17.exf5 Qe7 18.Re1 Qf6 19.fxg6+ hxg6 20.Re4 Nc5 21.Rf4 Bf5 22.Be4 Nxe4
23.Rxb7+ Be7 24.Rxe4 Bxe4 25.Qxe4 Qe6 26.Qh4 Qf6 27.Qe4 Qe6 28.Qh4 Qf6  1/2-1/2

[Event "2nd RUS Pupils Summer Girls"]
[Site "Satka RUS"]
[Date "2005.07.04"]
[Round "7"]
[White "Meleshko,T"]
[Black "Larina,M"]
[Result "0-1"]
[WhiteElo "2172"]
[BlackElo "2081"]

1.d4 f5 2.c4 Nf6 3.Nf3 g6 4.g3 Bg7 5.Bg2 O-O 6.O-O d6 7.Nc3 Qe8 8.Bf4 h6
9.Qc2 Na6 10.Rfd1 g5 11.Bd2 e5 12.dxe5 dxe5 13.h4 g4 14.Ne1 c6 15.a3 Qf7
16.Nd3 e4 17.Nf4 Qxc4 18.Rac1 Qf7 19.f3 exf3 20.exf3 Nh5 21.Nxh5 Qxh5 22.fxg4 fxg4
23.Bf4 Bf5 24.Qb3+ Qf7 25.Qxf7+ Rxf7 26.b4 Nc7 27.Ne4 Nb5 28.Nd6 Nxd6 29.Rxd6 h5
30.Rcd1 Re8 31.Bf1 Rfe7 32.Bc4+ Kh7 33.Kf2 Rc8 34.Bg5 Ree8 35.Bf7 Rf8 36.Bxh5 Bg6+
37.Kg2 Bxh5 38.Rd7 Rf7 39.Rxf7 Bxf7 40.Rd7 Bd5+ 41.Kf1 Rf8+ 42.Ke2 Rf7  0-1

[Event "ch-SWE"]
[Site "Goeteborg SWE"]
[Date "2005.07.10"]
[Round "8"]
[White "Brynell,S"]
[Black "Lindberg,Bo"]
[Result "0-1"]
[WhiteElo "2484"]
[BlackElo "2359"]

1.d4 f5 2.g3 Nf6 3.Bg2 g6 4.Nf3 Bg7 5.O-O O-O 6.c4 d6 7.Nc3 Qe8 8.Nd5 Nxd5
9.cxd5 Nd7 10.Ng5 Nb6 11.a4 c6 12.dxc6 bxc6 13.d5 c5 14.Ra2 Rb8 15.Re1 h6
16.Ne6 Bxe6 17.dxe6 g5 18.b3 Qg6 19.f4 c4 20.bxc4 Nxc4 21.e4 gxf4 22.Bxf4 Rb4
23.Kh1 Bc3 24.Rf1 fxe4 25.Rc2 Be5 26.Qe1 Rxa4 27.Bxe4 Qg4 28.Bd5 Ra1 29.Rc1 Rxc1
30.Qxc1 Nb6 31.Bxe5 Rxf1+ 32.Qxf1 Qg6 33.Bxd6 Nxd5 34.Bc5 a5 35.Qe2 a4 36.Kg2 Nf4+  0-1

[Event "2nd S Wales Int"]
[Site "Caerleon WLS"]
[Date "2005.07.13"]
[Round "7"]
[White "Bernhardsson,S"]
[Black "Richmond,R"]
[Result "1-0"]
[WhiteElo "2138"]
[BlackElo "2258"]

1.d4 f5 2.Nf3 Nf6 3.g3 g6 4.Bg2 Bg7 5.O-O O-O 6.c4 d6 7.Nc3 Qe8 8.d5 Na6
9.Nd4 Bd7 10.Rb1 c6 11.e4 fxe4 12.Nxe4 Nxe4 13.Bxe4 Nc5 14.Bg2 e5 15.dxe6 Nxe6
16.Be3 Qf7 17.b3 Nxd4 18.Bxd4 Bf5 19.Rb2 Bh6 20.Bc3 Rad8 21.Qd4 Bg7 22.Qxg7+ Qxg7
23.Bxg7 Kxg7 24.Rd2 Kf7 25.f4 Ke7 26.Rfd1 Bg4 27.Re1+ Kd7 28.h3 Be6 29.Rde2 Rfe8
30.Kf2 Bf7 31.h4 Rxe2+ 32.Rxe2 a5 33.Bh3+  1-0

[Event "MTO Open"]
[Site "Biel SUI"]
[Date "2005.07.26"]
[Round "8"]
[White "Benkovic,P"]
[Black "Meijers,V"]
[Result "0-1"]
[WhiteElo "2431"]
[BlackElo "2479"]

1.d4 f5 2.g3 Nf6 3.Bg2 g6 4.Nf3 Bg7 5.O-O O-O 6.c4 d6 7.b3 c6 8.Bb2 Ne4 9.Nbd2 Qe8
10.Nxe4 fxe4 11.Ng5 d5 12.f3 h6 13.Nh3 exf3 14.exf3 dxc4 15.bxc4 c5 16.Qd2 cxd4
17.Bxd4 Qd7 18.Rad1 Bxd4+ 19.Qxd4 Qxd4+ 20.Rxd4 Nc6 21.Rd2 Be6 22.c5 Rad8
23.Rb2 Rd7 24.f4 Rc8 25.Nf2 Nd8 26.Ne4 Bf5 27.Re1 Kf7 28.Rb5 Ne6 29.Nf2 Nxc5
30.g4 Be6 31.f5 gxf5 32.gxf5 Bc4 33.Rbb1 Rg8 34.Re3 Rd2 35.Rg3 Bxa2 36.Rb5 Rxg3
37.hxg3 b6 38.Ng4 h5 39.Ne5+ Kf6 40.Nc6 Rxg2+ 41.Kxg2 Bd5+ 42.Kh3 Bxc6  0-1

[Event "Open A"]
[Site "Pardubice CZE"]
[Date "2005.07.26"]
[Round "5"]
[White "Skacel,J"]
[Black "Potapov,P"]
[Result "0-1"]
[WhiteElo "2109"]
[BlackElo "2285"]

1.d4 f5 2.g3 Nf6 3.Bg2 g6 4.Nf3 Bg7 5.O-O O-O 6.c4 d6 7.Nc3 Qe8 8.d5 a5 9.Nd4 Na6
10.b3 Bd7 11.Bb2 c6 12.Rb1 Nc5 13.f3 Rc8 14.Qd2 cxd5 15.cxd5 b5 16.Nc2 b4
17.Nd1 Qf7 18.Nce3 Bb5 19.Nf2 f4 20.gxf4 Nh5 21.Nh3 Nxf4 22.Nxf4 Qxf4 23.Rfd1 Bc3
24.Bxc3 bxc3 25.Qxc3 Ne4 26.Qd4 Nc3 27.Qxf4 Rxf4 28.Bh3 Rcf8 29.Kf2 Bxe2  0-1

[Event "Open A"]
[Site "Pardubice CZE"]
[Date "2005.07.26"]
[Round "5"]
[White "Gajewski,G"]
[Black "Potapov,Alexa1"]
[Result "1-0"]
[WhiteElo "2396"]
[BlackElo "2530"]

1.d4 f5 2.Nf3 Nf6 3.g3 g6 4.Bg2 Bg7 5.O-O O-O 6.c4 d6 7.Nc3 Nc6 8.d5 Ne5
9.Nxe5 dxe5 10.Qb3 h6 11.e4 f4 12.gxf4 exf4 13.Bxf4 Nxe4 14.Be3 Nxc3 15.bxc3 a5
16.Rae1 Bf5 17.Bc5 Bf6 18.Qxb7 Rb8 19.Qc6 Rb2 20.Be4 Bh3 21.Bg2 Bd7 22.Qa6 Rxa2
23.Bxe7 Qc8 24.Qxc8 Bxc8 25.Bxf8 Kxf8 26.Re3 a4 27.Rb1 Kg7 28.d6 cxd6 29.Re8 Bd7
30.Rb7 Ra1+ 31.Bf1 Kf7 32.Re3 a3 33.Rxd7+ Kf8 34.Ra7  1-0

[Event "4th Open"]
[Site "Davos SUI"]
[Date "2005.07.30"]
[Round "1"]
[White "Benkovic,P"]
[Black "Maeder,J"]
[Result "1-0"]
[WhiteElo "2431"]
[BlackElo "2005"]

1.Nf3 f5 2.d4 Nf6 3.g3 g6 4.Bg2 Bg7 5.O-O O-O 6.c4 d6 7.Nc3 Qe8 8.d5 a5 9.Nd4 Na6
10.Rb1 Bd7 11.b3 Rb8 12.Bb2 c6 13.Qd2 Nc7 14.e3 c5 15.Nde2 b5 16.cxb5 Nxb5
17.Rfc1 Nxc3 18.Nxc3 Qf7 19.Ba1 Rb7 20.Ne2 Rfb8 21.Bxf6 Bxf6 22.Qxa5 Rb4
23.Rc2 Bb5 24.Rd1 Qe8 25.Qa3 Bxe2 26.Rxe2 c4 27.bxc4 Rxc4 28.Red2 Rc3 29.Qa6 Rb5
30.a4 Rb4 31.Ra2 Qb8 32.Qf1 Qa7 33.a5 Rcc4 34.Rc1 Qc5 35.Rxc4 Rxc4 36.a6 Rc1
37.a7  1-0

[Event "4th Open"]
[Site "Davos SUI"]
[Date "2005.08.02"]
[Round "4"]
[White "Taylor,Mart"]
[Black "Wyss,J"]
[Result "1-0"]
[WhiteElo "2316"]
[BlackElo "2025"]

1.d4 f5 2.Nf3 Nf6 3.g3 g6 4.Bg2 Bg7 5.O-O O-O 6.c4 d6 7.Nc3 Qe8 8.e4 Nxe4
9.Nxe4 fxe4 10.Ng5 Nc6 11.Be3 e5 12.d5 Nd4 13.Nxe4 Qd7 14.Bxd4 exd4 15.Qb3 a5
16.c5 a4 17.Qc4 b5 18.Qd3 Ba6 19.b4 Qf5 20.Qd2 Bb7 21.c6 Ba6 22.f4 Rae8 23.Rae1 Kh8
24.Ng5 Bc8 25.Re4 h6 26.Rfe1 Rxe4 27.Bxe4 Qf6 28.Nf3 Bg4 29.Nh4 Bh5 30.g4 Qxf4
31.Qxf4 Rxf4 32.gxh5 Rxh4 33.Bxg6 Be5 34.Re2 Rg4+ 35.Kh1 Kg7 36.Bd3 Rf4 37.Kg2 Rg4+
38.Kh1 Rf4 39.Kg2 Rg4+ 40.Kh3 Rg5 41.Bxb5 Rxh5+ 42.Kg4 Rxh2 43.Rxe5 dxe5
44.d6 cxd6 45.Bxa4 h5+ 46.Kg5 Rg2+ 47.Kxh5 d3 48.c7 Rh2+ 49.Kg4 Rh8 50.b5 e4
51.Kf4 Re8 52.Ke3 d5 53.b6 d4+ 54.Kxd4 e3 55.Bxe8 e2 56.Kxd3 e1=Q 57.c8=Q Qd1+
58.Ke4 Qe2+ 59.Kd5 Qxa2+ 60.Kc6 Qg2+ 61.Kc7 Qe4 62.Bc6 Qe5+ 63.Kb7 Kh6 64.Qc7 Qa1
65.Bd7 Kg5 66.Kb8 Kh6 67.b7 Kg5 68.Kc8 Qh8+ 69.Qd8+  1-0

[Event "Open Dutch Championship"]
[Site "Dieren NED"]
[Date "2005.08.02"]
[Round "7"]
[White "Struik,T"]
[Black "Hofland,L"]
[Result "1/2-1/2"]
[WhiteElo "2206"]
[BlackElo "2289"]

1.d4 f5 2.c4 Nf6 3.g3 g6 4.Bg2 Bg7 5.Nf3 O-O 6.O-O d6 7.Nc3 c6 8.Qc2 Na6
9.Re1 Qc7 10.e4 e5 11.dxe5 dxe5 12.b3 fxe4 13.Ng5 Nb4 14.Qb1 Nd3 15.Rf1 Nxc1
16.Qxc1 Bf5 17.Ngxe4 Nxe4 18.Nxe4 Rad8 19.c5 Bxe4 20.Bxe4 Rd4 21.Qc2 Rfd8
22.Rfd1 Bf8 23.Rxd4 Rxd4 24.Rd1 Rxd1+ 25.Qxd1 Bxc5 26.Qc2 Qe7 27.h4 Bd4 28.Kg2 Kg7
29.Qe2 Qf6 30.Qf3 Qxf3+ 31.Kxf3 Bc5 32.Bd3 h6 33.Ke2 Kf6 34.f3 Bd6 35.Be4 Bb4
36.Kf2 Bc5+ 37.Ke2 Bd4 38.Ke1 g5 39.hxg5+ hxg5 40.g4 Ke7 41.Kd2 Kd6 42.Kd3 a5
43.Bf5 Kc5 44.Bc8 b6 45.Bd7 Kd6 46.Be8  1/2-1/2

[Event "ch-POR"]
[Site "Vila Real POR"]
[Date "2005.08.07"]
[Round "5"]
[White "Fernandes,An"]
[Black "Costa,JoaoG"]
[Result "1-0"]
[WhiteElo "2444"]
[BlackElo "2258"]

1.d4 f5 2.c4 Nf6 3.g3 g6 4.Bg2 Bg7 5.Nf3 O-O 6.O-O d6 7.Nc3 c6 8.d5 e5 9.dxe6 Bxe6
10.Qd3 Ng4 11.Ng5 Bc8 12.h4 Ne5 13.Qd2 h6 14.Nh3 Qa5 15.Rd1 Rd8 16.Qf4 Qb4
17.h5 gxh5 18.Qh4 Nf7 19.Bd2 Qb6 20.b3 Nd7 21.Nf4 Nf6 22.Na4 Qc7 23.Bc3 Ng5
24.Nxh5 Nxh5 25.Qxh5 Bxc3 26.Nxc3 Qg7 27.Rd3 Ne4 28.Rc1 Nf6 29.Qh4 Be6 30.Rcd1 Ng4
31.Bf3 Ne5 32.Rxd6 Nxf3+ 33.exf3 Rxd6 34.Rxd6 Bf7 35.Rf6 Re8 36.Kg2 Bg6 37.Qd4 Kh7
38.Rd6 Re7 39.Nd1 Rf7 40.f4 Re7 41.Ne3 Qf7 42.Qxa7 Re4 43.Qb8 Re7 44.Qd8 Qg7
45.Rd2 h5 46.Qd4 Qf7 47.Qd6 h4 48.Rd1 hxg3 49.Rh1+ Kg8 50.Qd8+ Re8 51.Qh4 Qg7
52.Qxg3 Re4 53.Rd1  1-0

[Event "TCh-ESP Premier North"]
[Site "Barcelona ESP"]
[Date "2005.08.11"]
[Round "1"]
[White "Gonzalez Diaz,J"]
[Black "Cacho Reigadas,S"]
[Result "1/2-1/2"]
[WhiteElo "2237"]
[BlackElo "2476"]

1.d4 g6 2.g3 Bg7 3.Bg2 f5 4.Nf3 Nf6 5.O-O O-O 6.c4 d6 7.Nc3 Na6 8.Rb1 Qe8
9.b4 c6 10.a4 Bd7 11.b5 Nc7 12.Qb3 Kh8 13.d5 c5 14.e4 fxe4 15.Ng5 h6 16.Ngxe4 g5
17.Nxf6 Bxf6 18.Ne4 Bg7 19.Bb2 Qg6 20.Bxg7+ Kxg7 21.Rb2 Rf7 22.Re1 e5 23.Rbe2 Raf8
24.Nd2 Ne8 25.Ne4 Kg8 26.Qc3 Ng7 27.Nd2 Qh5 28.Be4 Bf5 29.f3 Bxe4 30.fxe4 Qh3
31.Rg2 Nh5 32.Qe3 Nf6 33.Qe2 Ng4 34.Rf1 Rxf1+ 35.Nxf1 Kg7 36.Ne3 Nxe3 37.Qxe3 Qg4
38.Rf2 Rf4 39.Re2 Rf3 40.Qd2 Kg6 41.Re3 h5 42.Qe2 Rxe3 43.Qxe3 Qd1+ 44.Kf2 g4
45.Qe2 Qd4+ 46.Kg2 b6 47.h3 Kg5 48.h4+ Kg6 49.Kh2 Kg7 50.Kg2 Qc3 51.Kh2 Qb3
52.Qf2 Qxc4 53.Qf5 Qe2+ 54.Kg1 Qe3+ 55.Kh2 Qf3 56.Qg5+ Kf8 57.Qh6+ Kg8  1/2-1/2

[Event "FSGM August"]
[Site "Budapest HUN"]
[Date "2005.08.11"]
[Round "6"]
[White "Payen,A"]
[Black "Hoang Thanh Trang"]
[Result "0-1"]
[WhiteElo "2417"]
[BlackElo "2476"]

1.d4 f5 2.g3 Nf6 3.Bg2 g6 4.Nf3 Bg7 5.O-O O-O 6.c4 d6 7.Nc3 Nc6 8.d5 Ne5
9.Nxe5 dxe5 10.Bg5 h6 11.Bxf6 Bxf6 12.e4 e6 13.Qe2 exd5 14.cxd5 a6 15.Kh1 Qd6
16.Bh3 Bd7 17.Rg1 Kh8 18.Rad1 Rae8 19.a3 Bg5 20.f3 Re7 21.b4 a5 22.Nb5 Qa6
23.Bf1 fxe4 24.fxe4 axb4 25.axb4 Rxf1 26.Qxf1 Bxb5 27.Qf8+ Kh7 28.d6 Rd7
29.h4 Bd3 30.hxg5 Bxe4+ 31.Rg2 Bxg2+ 32.Kxg2 Qe2+ 33.Kh3 Qxd1 34.Qxh6+ Kg8
35.Qxg6+ Rg7 36.Qe6+ Kh8 37.Qc8+ Rg8 38.d7 Qh1+ 39.Kg4 Qe4+ 40.Kh3 Qf5+  0-1

[Event "15th ch-SLO"]
[Site "Ptuj SLO"]
[Date "2005.08.12"]
[Round "1"]
[White "Podkriznik,G"]
[Black "Mitrovic,B"]
[Result "1-0"]
[WhiteElo "2391"]
[BlackElo "2077"]

1.d4 f5 2.g3 Nf6 3.Bg2 g6 4.Nf3 Bg7 5.O-O O-O 6.c4 d6 7.Nc3 Nc6 8.d5 Ne5
9.Nxe5 dxe5 10.Qb3 h6 11.e4 e6 12.dxe6 c6 13.exf5 gxf5 14.Qc2 Bxe6 15.b3 e4
16.Bb2 Ng4 17.Ne2 Ne5 18.Nf4 Bf7 19.Rad1 Qg5 20.Rd2 Rad8 21.Rfd1 Rxd2 22.Qxd2 Bf6
23.Qe2 Bg7 24.Rd6 Rd8 25.Qd2 Nd3 26.Rxd8+ Qxd8 27.Bxg7 Kxg7 28.Bf1 c5 29.Nxd3 exd3
30.Qxd3 Qxd3 31.Bxd3 Kf6 32.f4 Bh5 33.Kf2 Bd1 34.Ke1 Bf3 35.Be2 Be4 36.Bd1 Ke6
37.Kf2 b6 38.h3 Bc6 39.Bf3 Be8 40.g4 fxg4 41.hxg4 Kf6 42.Be4 b5 43.cxb5 Bxb5
44.Bd5 a5 45.Bc4 Bd7 46.Kg3 a4 47.bxa4 Bxa4 48.Bb3 Bb5 49.Bc2 Be2 50.a4 c4
51.a5 c3 52.Kh4 Bc4 53.g5+ hxg5+ 54.fxg5+ Ke5 55.g6 Kd4 56.g7 Kc5 57.Bd3 Bg8
58.a6 Kb6 59.Kg5 c2 60.Bxc2 Kxa6 61.Kf6 Kb6 62.Bg6 Kc6 63.Bf7 Bh7 64.Kg5  1-0